=LDR 00000nam 2200000 4500 =001 INLIS000000000007096 =005 20130612095142 =008 ***********************************Ind** =035 ##$$0010-061300000007096 =041 ##$$a Ind =082 ##$$a 616.132 =090 ##$$a 616.132, Hul p =100 ##$$a Hull, Alison =245 ##$$a Penyakit jantung, hipertensi, dan nutrisin, Alison Hull, MPH, RD; penerjemah, Dr. Wendra Ali =260 ##$$a 2001 $b Jakarta =300 ##$$a ix, 85 hlm., ilus., 21 cm =650 ##$$a Penyakit =700 ##$$a Ali, Wendra